Normal view
MARC view
Entry Nombre geográfico
001 - NÚMERO DE CONTROL
- campo de control: 111663
003 - IDENTIFICADOR DE NÚMERO DE CONTROL
- campo de control: OSt
005 - FECHA Y HORA DE LA ÚLTIMA TRANSACCIÓN
- campo de control: 20260413121238.0
008 - ELEMENTOS DE DATO DE LONGITUD-FIJA
- campo de control de longitud fija: 260413|| ac|||aabn | a|a d
024 7# - IDENTIFICADOR DE OTROS ESTÁNDARES
- Fuente: bne
- Número estándar o código: XX4868465
040 ## - FUENTE DE CATALOGACIÓN
- Centro catalogador/agencia de origen: SpMaBN
151 ## - ENCABEZAMIENTO--NOMBRE GEOGRÁFICO
- Nombre geográfico: Loarre
451 ## - TRAZADO DE VÉASE--NOMBRE GEOGRÁFICO
- Nombre geográfico: Lobarre
551 ## - TRAZADO DE VÉASE ADEMÁS--NOMBRE GEOGRÁFICO
- Nombre geográfico: Huesca (Provincia)
670 ## - FUENTE DE DATOS ENCONTRADOS
- Cita de la fuente: BNE aut. (13/04/2026)
- Información encontrada: (Loarre)